Magdalena medio y LLanos orientales (Registro nro. 17714)

Detalles MARC
000 -CABECERA
Campo de control 00864ngm a22002177a 4500
005 - FECHA Y HORA DE LA ULTIMA TRANSACCION
Campo de control 20150825170901.0
008 - ELEMENTOS DE LONGITUD FIJA—INFORMACION GENERAL
Campo de control 150825b2010 ck ||||| |||| q0| vcspa d
040 ## - FUENTE DE CATALOGACIÓN
Agencia catalogadora original CO-BoIAVH
Agencia transcriptora CO-BoIAVH
041 ## - IDIOMA
Código de idioma para texto/pista de sonido o título separado Español
044 ## - PAÍS DE PUBLICACIÓN
País de publicación Colombia
082 ## - NUMERO DE CLASIFICACION DECIMAL DEWEY
Número de clasificación IAVH-333.72
Número del ítem C833p
110 ## - ASIENTO PRINCIPAL--NOMBRE CORPORATIVO
Nombre corporativo o de jurisdicción como elemento de entrada Instituto Humboldt, Ecopetrol
9 (RLIN) 37437
245 ## - MENCION DE TITULO
Título Magdalena medio y LLanos orientales
Parte restante del título Proyecto: Planeación para la Conservación de la Biodiversidad
260 ## - PUBLICACION, DISTRIBUCION, ETC. (PIE DE IMPRENTA)
Lugar de publicación, distribución, etc. Colombia:
Nombre del editor, distribuidor, etc. Instituto Humboldt,
Fecha de publicación, distribución, etc. 2011.
300 ## - DESCRIPCION FISICA
Extensión 23 min
Otros detalles físicos DVD
Dimensiones 18 cm.
505 ## - NOTA DE CONTENIDO
Nota de contenido Petroleo y biodiversidad un espacio en Fima. 5:00 Min<br/><br/>Tras la búsqueda de los ODC. 11:30 min.<br/><br/>La Orinoquia y el Magdalena Medio: tierras para una mirada singular. 5:28 min<br/><br/>
650 ## - ASIENTO SECUNDARIO DE MATERIA - TERMINO TEMATICO
Término temático o nombre geográfico como elemento de entrada Petroleo
9 (RLIN) 1173
650 ## - ASIENTO SECUNDARIO DE MATERIA - TERMINO TEMATICO
Término temático o nombre geográfico como elemento de entrada Biodiversidad
Subdivisión geográfica Magdalena medio y Llanos orientales
9 (RLIN) 37441
662 ## - ASIENTO SECUNDARIO DE MATERIA - JERARQUIA DEL NOMBRE DE LUGAR(
País o entidad mayor Colombia
942 ## - ELEMENTOS ADICIONALES (KOHA)
Sistema de clasificación Local
Tipo de ítem DVD
Existencias
Withdrawn status Lost status Sistema de Clasificación Damaged status No para préstamo Colección Ubicación Permanente Ubicación actual Fecha de adquisición Total Checkouts Número topográfico Inventario / Código de Barras Date last seen Ejemplar Price effective from Forma de adquisición Tipo de material Total Renewals Date checked out
    Dewey Decimal Classification     Audiovisual Bogotá Bogotá 25/08/2015   MM-333.72 C833p 030031 25/08/2015 Ej. 1 25/08/2015   DVD    
    Dewey Decimal Classification     Audiovisual Bogotá Bogotá 02/09/2015   MM-333.72 C833p 028417 02/09/2015 Ej. 2 02/09/2015   DVD    
    Dewey Decimal Classification     Audiovisual Bogotá Bogotá 02/09/2015   MM-333.72 C833p 028413 02/09/2015 Ej. 3 02/09/2015   DVD    
    Local     Audiovisual Bogotá Bogotá 27/02/2017 1 AV-00397 030030 20/12/2022 Ej. 4 27/02/2017 Institucional DVD 2 12/03/2020